| 000 | 00594nam a2200169 a 4500 | ||
|---|---|---|---|
| 005 | 20140412111233.0 | ||
| 008 | 051114s19uu xx 00 eng d | ||
| 020 | _a0-394-80566-6 | ||
| 050 |
_aER _bBe35Ge 1988 |
||
| 100 | _aBerenstain, Stan | ||
| 245 |
_aThe Berenstain bears get the gimmies / _cStan Berenstain. |
||
| 260 |
_aU.S.A : _bRandom House, _c1988. |
||
| 520 | _aGran and gramps come up with a plan to help selfish brother and sister bear get rid of a bad case of the galloping greedy gimmies | ||
| 650 | _aSelfishness - fiction | ||
| 650 | _aBehavior - fiction | ||
| 999 |
_c102271 _d102271 |
||